| 000 | 00933nam a2200253Ia 4500 | ||
|---|---|---|---|
| 003 | OSt | ||
| 005 | 20220923212622.0 | ||
| 006 | a|||||r|||| 00| 0 | ||
| 007 | ta | ||
| 008 | 220922b |||||||| |||| 00| 0 hin d | ||
| 024 | _a154,614 | ||
| 037 | _cTextual | ||
| 040 |
_aARTS _cARTS _bhin |
||
| 041 |
_2hin _ahin |
||
| 082 | _aO1520m68,1:g, L8 | ||
| 100 | _aअवस्थी, मोहन | ||
| 245 | 0 | _aहिन्दी रीति कविता और समकालीन उर्दू काव्य (1643 से 185 तक) | |
| 246 | _aHindī rīti kavitā aur samakālīn urdū kāvya (1643 se 1850 taka) | ||
| 260 |
_aदिल्ली _b सरस्वती प्रेस _c1978 |
||
| 300 |
_a491 पृ. _ccm. |
||
| 650 |
_aहिन्दी साहित्य _9156264 |
||
| 942 |
_hO1520m68,1:g, L8 _cTEXL _2CC |
||
| 999 |
_c310236 _d310236 |
||